Benchmarking for best practices : winning through innovative adaptation

Αποθηκεύτηκε σε:
Λεπτομέρειες βιβλιογραφικής εγγραφής
Κύριος συγγραφέας: Bogan, Christopher E.
Άλλοι συγγραφείς: English, Michael J.
Μορφή: Βιβλίο
Γλώσσα:English
Δημοσίευση: New York : McGraw-Hill, c1994
Θέματα:
Ετικέτες: Προσθήκη ετικέτας
Δεν υπάρχουν, Καταχωρήστε ετικέτα πρώτοι!

MARC

LEADER 00000nam a2200000 i 4500
001 1/47297
008 980116s1994 eng d
020 |a 0-07-006375-3 
035 |l 10026473 
040 |a GR-MY-UA  |b gre  |e aacr 
041 0 |a eng 
082 0 |a 658.562 
100 1 |a Bogan, Christopher E. 
245 1 0 |a Benchmarking for best practices :  |b winning through innovative adaptation /  |c C.E.Bogan, M.J.English 
260 |a New York :   |b McGraw-Hill,   |c c1994 
300 |a ix, 312 p. 
504 |a Includes bibliography and index 
650 0 0 |a Benchmarking (Management) 
650 0 0 |a Organizational effectiveness. 
700 1 |a English, Michael J. 
852 |a INST  |b CHIOS  |e 19980116  |h 658.562 BOG  |p 005200010101  |q 005200010101  |t BK  |y 0 
901 |a BIBL-1998-1 
909 |a Χ  |b 052528 
922 |a 2ΕΛΗ  |b 199712  |c ΑΓΓΕΛΗΣ  |d ΠΑΠΑΣΩΤΗΡΙΟΥ